Loading...
| Pop Culture | 0 | 4 | 0 | 0 | 40 | 53 | 94.50 | 0 | 1 | 0.00 | 0.00 |
| Religion | 0 | 4 | 1 | 0 | 35 | 65 | 83.75 | 1 | 3 | 0.00 | 0.00 |
| Science - Other | 0 | 2 | 0 | 0 | 20 | 62 | 67.50 | 0 | 2 | 0.00 | 0.00 |
| Fine Arts - Classical Music | 0 | 2 | 1 | 0 | 15 | 35 | 74.50 | 1 | 2 | 0.00 | 0.00 |
| Literature - British | 0 | 2 | 1 | 0 | 15 | 78 | 92.50 | 1 | 2 | 0.00 | 0.00 |
| Philosophy | 0 | 1 | 0 | 0 | 10 | 45 | 45.00 | 0 | 1 | 0.00 | 0.00 |
| History - American | 0 | 1 | 0 | 0 | 10 | 87 | 87.00 | 0 | 1 | 0.00 | 0.00 |
| Fine Arts - Other | 0 | 1 | 0 | 0 | 10 | 23 | 23.00 | 1 | 1 | 0.00 | 0.00 |
| Social Science | 0 | 1 | 1 | 0 | 5 | 72 | 72.00 | 1 | 1 | 0.00 | 0.00 |
| Science - Physics | 0 | 0 | 1 | 0 | -5 | 0.00 | 0 | 0 | 0.00 | 0.00 |